[Event "Gibraltar Masters 6th"]
[Site "Gibraltar"]
[Date "2008.01.31"]
[Round "10"]
[White "Hughes, Peter"]
[Black "Husin, Axel"]
[Result "1/2-1/2"]
[WhiteElo "2195"]
[BlackElo "2012"]
[PlyCount "105"]
[EventDate "2008.01.22"]
[EventType "swiss"]
[EventRounds "10"]
[EventCountry "ENG"]
[SourceTitle "CBM 122 Extra"]
[Source "ChessBase"]
[SourceDate "2008.03.04"]
[SourceVersion "1"]
[SourceVersionDate "2008.03.04"]
[SourceQuality "1"]

1. d4 d5 2. Bf4 Bf5 3. e3 e6 4. Nf3 Bd6 5. Bg3 Nf6 6. Nbd2 0-0 7. Be2 Nbd7 8. 0-0 Ne4 9. c4 Nxg3 10. hxg3 dxc4 11. Nxc4 Be7 12. Bd3 Bxd3 13. Qxd3 c5 14. a4 Nf6 15. Rfd1 Rc8 16. b3 Nd5 17. Rac1 cxd4 18. Nxd4 Qc7 19. Qe4 Nf6 20. Qf3 Rfd8 21. Nb5 Qb8 22. Qf4 Qxf4 23. gxf4 a6 24. Rxd8+ Rxd8 25. Nd4 Nd5 26. Ne5 f6 27. Nef3 Kf7 28. g3 Rd7 29. Kg2 Rc7 30. Rxc7 Nxc7 31. Nd2 f5 32. Nc4 Bc5 33. Nf3 Ke7 34. Kf1 Nd5 35. Ke2 Nc3+ 36. Kd3 Ne4 37. Ke2 b5 38. axb5 axb5 39. Nce5 Kd6 40. Nd3 Bb6 41. Kd1 Nf6 42. Ke2 h6 43. Nfe5 Ne4 44. Kd1 Nc5 45. Nxc5 Bxc5 46. Ke2 Bb6 47. Kd1 Ba7 48. Ke2 Kd5 49. Nd3 Bb8 50. Nb4+ Kd6 51. Nd3 Bc7 52. f3 Ba5 53. e4 1/2-1/2

[Event "Gibraltar Challengers-B"]
[Site "Gibraltar"]
[Date "2008.01.29"]
[Round "3"]
[White "Bigg, Andrew J"]
[Black "Husin, Axel"]
[Result "1-0"]
[WhiteElo "2231"]
[BlackElo "2012"]
[PlyCount "31"]
[EventDate "2008.01.27"]
[EventType "swiss"]
[EventRounds "5"]
[EventCountry "ENG"]
[SourceTitle "CBM 122 Extra"]
[Source "ChessBase"]
[SourceDate "2008.03.04"]
[SourceVersion "1"]
[SourceVersionDate "2008.03.04"]
[SourceQuality "1"]

1. d4 d5 2. Nf3 c6 3. c4 e6 4. Nbd2 Bd6 5. e4 dxe4 6. Nxe4 Bc7 7. Bd3 Nd7 8. 0-0 Ngf6 9. Nxf6+ Nxf6 10. Re1 0-0 11. Bg5 h6 12. Bh4 b6 13. Bc2 Bb7 14. Qd3 g6 15. Rxe6 Kg7 16. Bxf6+ 1-0

[Event "Gibraltar Challengers-B"]
[Site "Gibraltar"]
[Date "2008.01.28"]
[Round "2"]
[White "Husin, Axel"]
[Black "Gandrud, Vegar Koi"]
[Result "1/2-1/2"]
[WhiteElo "2012"]
[BlackElo "1819"]
[PlyCount "64"]
[EventDate "2008.01.27"]
[EventType "swiss"]
[EventRounds "5"]
[EventCountry "ENG"]
[SourceTitle "CBM 122 Extra"]
[Source "ChessBase"]
[SourceDate "2008.03.04"]
[SourceVersion "1"]
[SourceVersionDate "2008.03.04"]
[SourceQuality "1"]

1. e4 c5 2. d4 cxd4 3. Nf3 e6 4. Nxd4 a6 5. Nc3 d6 6. Be3 Nf6 7. Be2 Be7 8. Qd2 Qc7 9. g4 b5 10. g5 Nfd7 11. Bd3 Bb7 12. 0-0-0 Nc5 13. f3 Nbd7 14. h4 b4 15. Nce2 d5 16. exd5 Bxd5 17. Kb1 Ne5 18. Rdf1 Qb7 19. Rh3 b3 20. axb3 Nexd3 21. cxd3 Nxb3 22. Nxb3 Qxb3 23. Nc3 Bb4 24. Qc2 Rc8 25. Qxb3 Bxb3 26. Rc1 0-0 27. Rhh1 Rfd8 28. d4 Kf8 29. Ne4 Bd5 30. Rxc8 Rxc8 31. Rc1 Rxc1+ 32. Kxc1 Ke7 1/2-1/2

[Event "Gibraltar Challengers"]
[Site "Gibraltar"]
[Date "2008.01.24"]
[Round "3"]
[White "Husin, Axel"]
[Black "Bates, Caspar J"]
[Result "0-1"]
[WhiteElo "2012"]
[BlackElo "2190"]
[PlyCount "116"]
[EventDate "2008.01.22"]
[EventType "swiss"]
[EventRounds "5"]
[EventCountry "ENG"]
[SourceTitle "CBM 122 Extra"]
[Source "ChessBase"]
[SourceDate "2008.03.04"]
[SourceVersion "1"]
[SourceVersionDate "2008.03.04"]
[SourceQuality "1"]

1. e4 e5 2. Nf3 Nc6 3. Bb5 a6 4. Ba4 Nf6 5. d3 d6 6. c3 Be7 7. 0-0 0-0 8. Re1 b5 9. Bc2 Bg4 10. Nbd2 d5 11. Nf1 d4 12. Ng3 g6 13. h3 Bxf3 14. Qxf3 Re8 15. h4 Qd6 16. h5 dxc3 17. hxg6 hxg6 18. bxc3 b4 19. d4 exd4 20. Bf4 Ne5 21. Bxe5 Qxe5 22. cxd4 Qxd4 23. e5 Nh7 24. e6 f5 25. Rad1 Qc3 26. Nxf5 Qxf3 27. Nxe7+ Rxe7 28. gxf3 Ng5 29. Re3 Kg7 30. Rd7 Rae8 31. f4 Nh7 32. Rg3 Nf8 33. Rxe7+ Rxe7 34. f5 Kf6 35. fxg6 Nxe6 36. Rg4 c5 37. f4 Rd7 38. Bb3 Ng7 39. Bf7 Rd2 40. Rg5 Nf5 41. Rxf5+ Kxf5 42. g7 Rd8 43. g8Q Rxg8+ 44. Bxg8 Kxf4 45. Kf2 a5 46. Ke2 Ke4 47. Kd2 a4 48. Kc1 Kd4 49. Kb2 c4 50. Bh7 Ke3 51. Kc2 a3 52. Bg8 b3+ 53. axb3 a2 54. Kb2 c3+ 55. Kxa2 c2 56. Kb2 Kd2 57. Bc4 c1Q+ 58. Ka2 Kc3 0-1